000 00432nam a2200181Ia 4500
001 4280
005 20260306145744.0
008 260306t2014||||xx |||||||||||||| ||spa||
041 _aESP
082 _a320.1
_bS93
100 _aSunstein, Cass R.,
_eAUT
245 0 _a(Más) Simple :
_bel futuro del gobierno
260 _c2014
300 _a231 páginas :
_c24 cm.
650 _aGEN
654 _aCDE
942 _cLIB
_dJUS
_fJUS
_2ddc
_n
999 _c4280
_d4280